00844 a2200181 4500003000500000005001700005010001600022020001600038040000900054082001900063100002400082245013000106260004600236300003500282505029700317650003500614700001300649Nust20220815120049.0 a 80040845 a 0471278505 cNust00a621.381532,MOS1 aMoschytz, George S.10aActive filter design handbook :bfor use with programmable pocket calculators and minicomputers /cG.S. Moschytz and P. Horn. aChichesteraNew York :bJ. Wiley,cc1981. aviii, 316 p. :bill. ;c26 cm. aIntroduction (Page-1), Frequency Response and Transfer Function (Page-5), Sensitivity and Figure of Merit (Page-29), Design Equation and Flow Charts (Page-35),Tuning Active Filters (Page-86), Designing in Order Active Filters (Page-116), Practical Hints for Active filters Design (Page-171), 0aTelecommunication Engineering.1 aHorn, P.